[Event "ESP-chT Primera Division 2019"]
[Site "Linares"]
[Date "2019.08.26"]
[Round "1.1"]
[White "Vallejo Pons, Francisco"]
[Black "Espinosa Aranda, Angel"]
[Result "1-0"]
[WhiteElo "2678"]
[BlackElo "2497"]
[Annotator "TA"]
[PlyCount "65"]
[EventDate "2019.08.26"]
[EventType "team-tourn"]
[EventCountry "ESP"]
[SourceTitle "playchess.com"]
[Source "ChessBase"]
[SourceQuality "1"]

{[%evp 9,65,-3,13,-11,-11,-6,0,-20,34,39,33,29,18,24,34,22,58,59,45,43,60,51,42,45,65,58,66,68,79,64,72,61,138,116,106,104,103,91,133,131,148,145,155,136,145,155,288,287,279,266,273,262,293,267,457,483,1235,1218]} 1. e4 d6 2. d4 Nf6 3. f3 e6 (3... e5 4. dxe5 dxe5 5. Qxd8+ Kxd8 6. Bc4 Ke8 7. Ne2 Bc5 8. Bd2 Nbd7 9. Nc1 Ke7 10. a4 a5 11. Nb3 Bb6 12. Bc3 Ne8 13. Na3 Nd6 14. O-O-O f6 {1-0 (43) Vallejo Pons,F (2707)-Onischuk,V (2637) Riadh 2017}) 4. Nc3 Be7 5. Be3 a6 6. Qd2 {B07: Pirc Defence: Miscellaneous Systems} O-O 7. g4 c5 $146 ({Predecessor:} 7... b5 8. g5 Nfd7 9. h4 c5 10. dxc5 Nxc5 11. O-O-O {1-0 (39) Sion Castro,M (2390)-Fernandez Lopez,F (2315) Ponferrada 1992}) 8. Nge2 {The position is equal.} Nc6 ({Black should try} 8... b5 $11) 9. g5 $14 Nd7 10. f4 cxd4 11. Nxd4 Nxd4 12. Qxd4 e5 13. Qd2 $1 exf4 14. Bxf4 Ne5 {[#] Threatens to win with ...Nf3+.} 15. Be2 Be6 16. O-O-O Rc8 17. Kb1 b5 18. h4 Qc7 19. Nd5 Bxd5 $1 20. exd5 b4 ({Black should play} 20... f6 $14) 21. Bxe5 ({Much less strong is} 21. Bxa6 Ra8 $14) 21... dxe5 22. Bxa6 Rcd8 23. Qe2 Bc5 24. Bc4 Bd4 25. h5 Rd6 26. Bb3 Qb6 27. Rh3 f5 (27... Qd8 $16) 28. c3 $18 bxc3 29. bxc3 Bc5 30. Qxe5 Qa7 31. h6 {[#] g6! is the strong threat.} g6 $2 (31... Qd7 {was called for.} 32. hxg7 Qxg7) 32. Re1 f4 (32... Qd7 $142 33. Kc2 Bf2) 33. Rf3 {Accuracy: White = 76%, Black = 36%.} 1-0

[Event "ESP-chT Primera Division 2019"]
[Site "Linares"]
[Date "2019.08.26"]
[Round "1.2"]
[White "Plazuelo Pascual, Juan"]
[Black "Alekseenko, Kirill"]
[Result "0-1"]
[WhiteElo "2411"]
[BlackElo "2668"]
[Annotator "TA"]
[PlyCount "134"]
[EventDate "2019.08.26"]
[EventType "team-tourn"]
[EventCountry "ESP"]
[SourceTitle "playchess.com"]
[Source "ChessBase"]
[SourceQuality "1"]

{[%evp 10,134,7,12,21,15,2,0,0,0,0,0,0,0,5,0,0,0,13,8,25,37,41,13,29,0,8,0,6,-41,-53,-103,-48,-41,-17,-33,28,35,38,18,36,10,30,0,20,-41,-39,-39,-39,-41,-37,-91,-45,-72,-26,-36,-36,-72,-36,-36,-11,-18,-5,-55,-36,-97,-26,-45,-33,-85,-80,-81,-81,-82,-80,-89,-85,-83,-80,-87,-80,-81,-77,-76,-60,-68,0,-66,-66,-153,-153,-262,-261,-256,-254,-239,-248,-278,-241,-315,-281,-487,-477,-483,-475,-557,-557,-753,-691,-691,-682,-670,-666,-645,-415,-614,-588,-1872,-1260,-29964,-29965,-29966,-29962,-8706,-5912,-5052,-5043]} 1. d4 Nf6 2. c4 e6 3. Nf3 b6 4. e3 Bb7 5. Bd3 d5 6. b3 Bb4+ {E14: Queen's Indian: Classical Variation (4 e3)} (6... Bd6 7. O-O O-O 8. Bb2 Nbd7 9. Nc3 Re8 10. cxd5 exd5 11. Rc1 a6 12. Ne2 Ne4 13. Ng3 g6 14. Qc2 Qe7 15. Ne5 Nxg3 16. hxg3 Nf6 17. Qe2 {½-½ (24) Malakhov,V (2690)-Wang,H (2690) China 2017}) 7. Nbd2 c5 8. Bb2 cxd4 {The position is equal.} 9. exd4 O-O 10. O-O Nc6 {[%cal Bb8c6,Bc6e7,Be7g6,Bg6h8,Bh8f7][%mdl 32]} 11. a3 Bd6 12. Qe2 Ne7 $146 ({Predecessor:} 12... Rc8 13. Ne5 dxc4 14. Ndxc4 {½-½ (42) Cerrato,R (2420)-Marti Pericot,J (2473) ICCF email 2010}) 13. Ne5 Ng6 14. f4 Qe7 15. g3 Rfd8 16. h4 Rac8 17. Ndf3 Nh8 18. Kh2 Ne4 19. Bxe4 (19. cxd5 {is interesting.} exd5 20. Ng5 f5 21. Rac1 h6 22. Ngf3) 19... dxe4 20. Nd2 f6 (20... f5 $17 21. Rfd1 Bxe5 22. fxe5 Nf7) 21. Ng4 $1 $15 Nf7 22. b4 b5 ({Black should play} 22... Qc7 $15) 23. c5 $11 Bb8 $1 24. Ne3 Qd7 25. Rad1 Nh6 26. Rfe1 Qe8 27. Ng4 (27. Nb1 $11) 27... Nxg4+ $15 28. Qxg4 f5 29. Qe2 h6 30. h5 (30. Rg1 $15) 30... Bc6 31. Kg2 e3+ 32. Nf3 Qxh5 {White must now prevent ...Bxf4!} 33. Rh1 Qe8 (33... Qg4 {seems wilder.} 34. Qxe3 Bxf4 35. Qxf4 g5 36. Qxg4 fxg4 37. d5 Bxd5 38. Rxd5 gxf3+ 39. Kxf3 exd5 40. Rxh6 d4) 34. Qxe3 Bd5 35. Kf2 Bc7 36. Bc3 Ra8 37. Rdg1 {[#]} (37. Rhg1 $15) 37... Qf7 (37... a5 $1 $17) 38. Rh2 a5 39. Ne5 (39. bxa5 $15 Bxa5 40. Ne5) 39... Bxe5 $1 $17 40. fxe5 axb4 41. Bxb4 Bc6 42. Rd1 Qd7 43. Rd2 Qd5 44. Ke1 Rf8 45. Kd1 Ra7 46. Kc1 Qc4+ 47. Rc2 Qd5 (47... f4 $15 48. gxf4 Qf1+ 49. Kb2 Qxf4 50. Qxf4 Rxf4) 48. Kb2 ({White should try} 48. Rcd2 $1 $11) 48... Rd7 49. Rhd2 (49. Rh4 $15) 49... g5 50. Qb3 {[#]} (50. Rd3 $17) 50... Qxb3+ $1 $19 51. Kxb3 f4 52. gxf4 Rxf4 53. Bc3 Kh7 54. Kb4 Ra7 55. Rf2 $2 (55. Rh2) 55... Rxf2 56. Rxf2 {[%mdl 4096] Endgame KRB-KRB} g4 57. Rf6 g3 58. Be1 g2 59. Bf2 Ra4+ 60. Kc3 Bd5 61. c6 Rc4+ 62. Kd2 (62. Kb2 $142 h5 63. Be3) 62... Rxc6 63. Be3 Ra6 64. Rxh6+ Kg7 65. Rh4 Rxa3 66. Rg4+ Kf7 67. Bh6 b4 {Accuracy: White = 33%, Black = 61%.} 0-1

[Event "ESP-chT Primera Division 2019"]
[Site "Linares"]
[Date "2019.08.26"]
[Round "1.3"]
[White "Sarana, Alexey"]
[Black "Rubio Mejia, Luis Ignacio"]
[Result "1-0"]
[WhiteElo "2655"]
[BlackElo "2435"]
[Annotator "TA"]
[PlyCount "131"]
[EventDate "2019.08.26"]
[EventType "team-tourn"]
[EventCountry "ESP"]
[SourceTitle "playchess.com"]
[Source "ChessBase"]
[SourceQuality "1"]

{[%evp 11,131,40,32,23,45,30,18,15,38,0,22,16,36,7,0,6,33,40,33,28,30,0,0,-33,-33,-21,-25,-31,-35,-44,0,-26,-21,-42,-5,-12,0,-17,0,0,0,0,0,0,15,0,0,0,0,-21,-16,-26,-15,-41,-10,-45,0,0,-8,-40,-20,-23,-25,-106,-60,-60,0,-59,-53,-77,-9,-9,-12,0,44,40,35,54,82,32,32,30,167,167,167,167,163,155,211,200,307,203,832,308,295,297,339,328,322,314,561,545,872,877,802,791,653,610,837,820,1086,968,852,749,8933,1104,7008,977,1743,1625,29985,29986]} 1. e4 c5 2. Nf3 e6 3. d4 cxd4 4. Nxd4 Nc6 5. Nc3 Qc7 6. Be3 a6 7. Qf3 {B48: Sicilian: Taimanov: 5 Nc3 Qc7 6 Be3 a6 without Be2} (7. Bd3 Nf6 8. O-O Nxd4 9. Bxd4 Bc5 10. Bxc5 Qxc5 11. Na4 Qc7 12. c4 d6 13. Nc3 O-O 14. Be2 Rd8 15. Qd4 e5 16. Qe3 Be6 17. b3 Qc5 18. Qd3 Rac8 19. Rac1 {½-½ (35) Jakovenko,D (2719)-Harikrishna,P (2723) Shenzhen 2019}) 7... d6 8. O-O-O Bd7 9. Qg3 {The position is equal.} Nf6 10. Kb1 Rc8 11. Bd3 g6 12. Nxc6 $146 (12. f3 {feels hotter.} Ne5 13. Be2 Bg7 14. Qh4 h6 15. Rhf1) ({Predecessor:} 12. h4 h5 13. Bg5 Be7 14. Nxc6 Bxc6 {½-½ (40) Stukopin,A (2580)-Ramirez Alvarez,A (2572) Saint Louis 2018}) 12... Bxc6 13. Bd4 e5 14. Be3 b5 15. Qf3 Bg7 16. Bg5 Nh5 17. Ne2 h6 18. Bc1 Nf6 19. g4 d5 {[%cal Rd5e4]} 20. Ng3 Bb7 {White must now prevent ...dxe4.} 21. c3 O-O 22. Qe2 Rfd8 23. f3 dxe4 24. fxe4 Nd7 25. h4 Nc5 26. Bc2 $1 Rxd1 27. Rxd1 Rd8 28. Rh1 Ne6 29. h5 {Hoping for hxg6.} Nf4 30. Qf3 g5 31. Nf5 Bf8 32. Be3 Qc4 33. Ng3 b4 34. cxb4 Rc8 {[%cal Bd8c8,Bc8c7,Bc7b7][%mdl 32] [#]} 35. Bc5 $1 {[%mdl 512]} Bxc5 36. bxc5 Qxc5 37. Bb3 (37. Rc1 $1 $11 {remains equal.}) 37... Rc7 38. Rd1 Kh7 (38... a5 $1 $15) 39. a3 ({White should play} 39. Qc3 $11) 39... a5 $1 $15 40. Ka2 Ba6 ({Black should try} 40... Bc6 $17 41. Qc3 Qxc3 42. bxc3 Bd7) 41. Rd2 $1 $11 Rb7 {Strongly threatening ...Rxb3!} 42. Rc2 Qd4 {Threatens to win with ...a4.} 43. Nf5 Qd7 44. Qc3 $1 {[%cal Rc3e5]} a4 45. Bd5 Nxd5 46. Qxe5 {[%csl Gf5][%cal Re5g7]} Nf6 (46... Nb4+ $1 $11 47. axb4 Qe6+ 48. Qxe6 fxe6) 47. Qxf6 $40 {[%csl Gf5][%cal Rf6g7][%mdl 192] Double Attack. White has strong attack.} Qe6+ 48. Qxe6 fxe6 {[%mdl 4096] Endgame KRB-KRN} 49. Nd6 Rd7 {[#]} (49... Rb3 $16 50. Rc7+ Kg8) 50. e5 $1 Kg7 (50... Bf1 {was worth a try.} 51. b4 axb3+ 52. Kxb3 Bh3) 51. Rd2 Bb5 $2 (51... Ra7 52. b4 axb3+ 53. Kxb3 Bf1) 52. b4 $2 (52. Rf2 Kg8 53. Nxb5) 52... axb3+ 53. Kxb3 {And now Rf2 would win.} Kg8 54. a4 {[%cal Ba3a4,Ba4a5,Ba5a6,Ba6a7][%mdl 32]} Bc6 55. a5 Bd5+ $2 (55... Bf3 56. Rd4 Rc7) 56. Kb4 Rd8 57. a6 Rb8+ 58. Kc5 Rb1 59. a7 Ra1 60. Kb6 Rb1+ 61. Nb5 {Intending Rxd5! and mate.} Ra1 62. Rd3 Ra4 {[#]} 63. Rd4 (63. Nc3 $142 $1 Rxa7 64. Kxa7) 63... Ra1 64. Nc7 (64. Nc3 $142 Bg2 65. Ra4) 64... Rb1+ 65. Kc5 Ra1 66. Rxd5 {Accuracy: White = 34%, Black = 41%.} 1-0

[Event "ESP-chT Primera Division 2019"]
[Site "Linares"]
[Date "2019.08.26"]
[Round "1.4"]
[White "Almagro Llamas, Pablo"]
[Black "Arizmendi Martinez, Julen Luis"]
[Result "1-0"]
[WhiteElo "2453"]
[BlackElo "2512"]
[Annotator "TA"]
[PlyCount "61"]
[EventDate "2019.08.26"]
[EventType "team-tourn"]
[EventCountry "ESP"]
[SourceTitle "playchess.com"]
[Source "ChessBase"]
[SourceQuality "1"]

{[%evp 17,61,20,6,4,0,1,2,-7,-2,-52,-50,-48,-49,-56,-55,-85,-92,-95,-95,-100,37,30,68,68,39,0,0,-17,-6,-20,-31,-23,-16,-45,-72,-95,0,0,100,85,191,109,497,366,1013,987]} 1. c4 e6 2. Nc3 d5 3. d4 Bb4 4. cxd5 exd5 5. Nf3 Nf6 6. Qa4+ Nc6 7. Bg5 h6 8. Bxf6 Qxf6 9. e3 O-O 10. Qb3 {D38: Queen's Gambit Declined: Ragozin Defence (4 Nf3 Bb4)} Qg6 11. a3 Ba5 $146 ({Predecessor:} 11... Bxc3+ 12. Qxc3 Be6 13. g3 Qh5 14. Bg2 a5 15. O-O a4 16. Rfe1 Rfc8 17. Rac1 Na5 {½-½ (45) Dreev,A (2644)-Gonzalez Vidal,Y (2553) Merida 2015}) 12. Be2 {The position is equal.} Ne7 13. Rg1 Qb6 14. Qc2 Bf5 15. Qd2 Qe6 16. g4 Bxg4 17. Ng5 hxg5 18. Rxg4 c5 (18... Qf6 $17) 19. dxc5 $14 Bxc3 20. Qxc3 Nc6 21. Rxg5 {[%csl Gg5][%cal Rc3g7]} d4 $1 {[%cal Rd4c3]} 22. Qc4 {Black must now prevent 0-0-0.} Qf6 23. Rg2 dxe3 24. O-O-O {Threatens to win with Rd6.} exf2 {Strongly threatening ...Rad8.} 25. Rf1 Ne5 26. Qc3 Rac8 (26... Qf4+ $17 27. Qd2 Qxd2+ 28. Kxd2 Rac8) 27. Rfxf2 $11 Qe7 (27... Qe6 $1 $11 {keeps the balance.}) 28. b4 $16 b6 {[#]} (28... g6 $16) 29. Rf5 (29. Qg3 f6 $15) (29. Bc4 $1 $18 {Rxg7+! is the strong threat.} Rce8 30. Rf5 (30. Qg3 g6 $11)) 29... Rfe8 $2 {[%mdl 8192]} (29... bxc5 $16 30. Rxe5 (30. Qxe5 cxb4+ 31. Kb1 Qxe5 $16) 30... cxb4 {[%mdl 64] Pin} 31. Rxe7 Rxc3+ 32. Kb2 Rfc8 33. Rxa7 (33. axb4 Kf8 $16) 33... bxa3+ 34. Rxa3 Rc2+ 35. Kb3 g6) 30. Rgg5 f6 $2 {[#]} (30... Ng6 31. Rxg6 {[%mdl 64] Double Attack} Qe3+ 32. Qxe3 Rxe3) 31. Rxe5 $1 {[%mdl 512] Accuracy: White = 50%, Black = 36%.} 1-0

[Event "ESP-chT Primera Division 2019"]
[Site "Linares"]
[Date "2019.08.26"]
[Round "1.5"]
[White "Pallardo Lozoya, Jose Vicente"]
[Black "Cabrera Trujillo, Jorge"]
[Result "1-0"]
[WhiteElo "2380"]
[BlackElo "2308"]
[Annotator "TA"]
[PlyCount "79"]
[EventDate "2019.08.26"]
[EventType "team-tourn"]
[EventCountry "ESP"]
[SourceTitle "playchess.com"]
[Source "ChessBase"]
[SourceQuality "1"]

{[%evp 18,103,-16,-28,-16,-40,-39,-146,-160,-184,-98,-105,0,-5,-23,-83,-83,-77,-39,-96,-89,-76,-79,-77,0,-49,-33,-35,-33,-30,-24,-32,-10,0,2,0,80,6,50,-16,0,0,0,0,0,0,0,0,84,85,143,142,221,229,449,464,439,422,540,513,624,607,750,735,749,677,658,679,591,358,965,968,902,866,2293,298,4602,4132,29972,29973,29971,29974,29972,29973,29966,29961,29979,29979]} 1. e4 c5 2. Nc3 Nc6 3. g3 g6 4. Bg2 Bg7 5. d3 e6 6. Be3 d6 7. Qd2 Rb8 8. Nge2 Nd4 9. Bxd4 cxd4 10. Nb5 {[%mdl 64] Double Attack} Qb6 {B26: Closed Sicilian: 3 g3, lines with early Be3} 11. Qb4 {[%mdl 64] Double Attack} Ke7 $1 {aiming for ...a6.} 12. a3 {[#]} (12. Qb3 $15) 12... e5 $1 $17 {Black is clearly better.} 13. Qc4 Nf6 (13... Bd7 $19 14. a4 Rc8) 14. Qc7+ Bd7 $146 ({Better is} 14... Qxc7 $17 15. Nxc7 Bg4) ({Predecessor:} 14... Qxc7 15. Nxc7 Bd7 16. Nd5+ Nxd5 17. exd5 Rhc8 18. c3 {0-1 (49) Gavasheli,A (2230)-Annaberdiev,M (2444) Izmir 2008}) 15. Qxb6 $11 axb6 16. c4 (16. a4 $11) 16... Bxb5 $17 17. cxb5 Rhc8 18. Bh3 (18. Rc1 $15) 18... Rc2 19. Rb1 Bh6 20. f4 Nh5 ({Black should play} 20... Ra8 $17) 21. Kd1 Rc7 {[%cal Re5f4]} 22. Rf1 Ra8 23. Rc1 Rc5 24. Rc2 Ng7 25. Nc1 Ne8 26. Na2 Nc7 (26... Nf6 $11 {keeps the balance.}) 27. Nb4 (27. fxe5 $16 dxe5 28. Rcf2) 27... Rf8 28. Ke2 (28. fxe5 $14 dxe5 29. Rxc5 bxc5 30. b6) 28... exf4 29. gxf4 f5 30. exf5 gxf5 31. Bg2 Rxc2+ 32. Nxc2 Ne6 {[#]} (32... d5 $1 $11) 33. Nb4 $1 $16 Kf7 (33... Kd8 $142) 34. Bd5 (34. Bxb7 $6 Nxf4+ 35. Kd1 Kf6 $11) 34... Re8 (34... Kf6 $16) 35. Kf3 $18 Kg6 $2 (35... Bg7 36. Re1 (36. Bxb7 Nc7 $16) 36... Re7) 36. Bxe6 Rxe6 {[%mdl 4096] Endgame KRB-KRN} 37. Nd5 Kh5 38. Rc1 Rg6 39. b4 Kh4 40. Ne7 {Played: Rc1-c7} 1-0

[Event "ESP-chT Primera Division 2019"]
[Site "Linares"]
[Date "2019.08.26"]
[Round "1.6"]
[White "Rodrigo Yanguas, Maria"]
[Black "Garcia Martin, Marta"]
[Result "1-0"]
[WhiteElo "2079"]
[BlackElo "2313"]
[Annotator "TA"]
[PlyCount "89"]
[EventDate "2019.08.26"]
[EventType "team-tourn"]
[EventCountry "ESP"]
[SourceTitle "playchess.com"]
[Source "ChessBase"]
[SourceQuality "1"]

{[%evp 17,89,35,48,21,23,26,24,20,137,134,126,121,129,132,165,105,171,185,249,260,544,527,535,531,528,529,497,509,507,486,496,463,1014,988,894,980,1087,905,883,894,850,756,846,845,806,736,1110,1108,959,950,1139,1094,1135,1099,917,804,1076,1040,626,3698,5310,827,9697,8752,6404,6070,6070,1986,6844,10843,6259,5447,5114,4133]} 1. e4 c6 2. d4 d5 3. Nc3 dxe4 4. Nxe4 Nd7 5. Nf3 Ngf6 6. Nxf6+ Nxf6 7. Bc4 e6 8. O-O Be7 9. c3 O-O 10. a4 {[%cal Ba2a4,Ba4a5][%mdl 32] B17: Caro-Kann: Modern Line (4...Nd7)} (10. Bf4 c5 11. dxc5 Bxc5 12. Qxd8 Rxd8 13. Bc7 Rd7 14. Be5 Rd8 15. Bc7 Rd7 16. Be5 Rd8 17. Bc7 {½-½ (17) Milov,L (2455)-Gharamian,T (2626) Sanem 2017}) 10... Qc7 $146 ({Predecessor:} 10... a5 11. Qe2 Nd5 12. Ne5 Qc7 13. Re1 Rd8 14. Bd3 c5 15. Bxh7+ Kf8 16. dxc5 Bxc5 17. Bc2 b6 18. Qh5 Nf6 19. Qh8+ Ng8 20. Bh7 Qxe5 21. Qxg8+ Ke7 22. Qxd8+ {1-0 (22) Keim,F (2079)-Werner,T (1820) Grossenseebach 2005}) 11. Ne5 c5 12. Bf4 {Strongly threatening Ng6!White has an edge.} Qb6 (12... cxd4 $11 {keeps the balance.} 13. cxd4 Rd8) 13. a5 $1 $16 {[%cal Ra5b6]} Qd8 14. dxc5 Bxc5 15. Qf3 Bd6 16. Rfe1 $36 {[%mdl 2048] Keeping Black busy.} (16. Rad1 $1 $18) 16... Qc7 {[#]} (16... Nd5 $16 {is a better defense.}) 17. Rad1 $1 $18 Rd8 (17... a6 $142 18. Rd4 Nd5) 18. Bb3 Nd5 $2 (18... Bd7 19. Rxd6 Qxd6) 19. Rxd5 {White is clearly winning.} exd5 {[#]} 20. Nxf7 $1 {[%mdl 576] Discovered Attack} Bxf4 (20... Qxf7 21. Bxd5) 21. Nxd8 {[%cal Re1e8]} Bxh2+ 22. Kh1 {[%cal Re1e8]} Qxd8 23. Bxd5+ Kh8 {White must now prevent ...Bd6.} 24. Kxh2 Rb8 (24... Qd6+ $142 25. Kg1 Bd7 26. Bxb7 Re8 27. Rxe8+ Bxe8) 25. Qf7 {Intending Qe8+ and mate.} Bg4 26. Re7 {[%csl Ge7][%cal Rf7g7]} Qf8 27. Qxf8+ Rxf8 28. Rxb7 {[%mdl 4096] Endgame KRB-KRB} a6 29. Ra7 Be2 30. Ra8 Rxa8 31. Bxa8 {KB-KB} g5 32. Kg3 Kg7 33. f3 Kf6 34. Kf2 Bc4 35. Ke3 Ke5 36. Bb7 h5 {[#]} 37. b3 $1 Bxb3 38. Bxa6 Kd5 39. Bd3 (39. f4 $142 gxf4+ 40. Kxf4) 39... Kc5 40. a6 Kb6 41. Ke4 Be6 42. Ke5 (42. f4 $142 gxf4 43. Kxf4) 42... Bc8 43. Kf6 g4 44. fxg4 Bxg4 45. Kg5 {Accuracy: White = 82%, Black = 40%.} 1-0

[Event "ESP-chT Primera Division 2019"]
[Site "Linares"]
[Date "2019.08.26"]
[Round "1.7"]
[White "Delorme, Axel"]
[Black "Andersen, Mads"]
[Result "1/2-1/2"]
[WhiteElo "2489"]
[BlackElo "2603"]
[Annotator "TA"]
[PlyCount "62"]
[EventDate "2019.08.26"]
[EventType "team-tourn"]
[EventCountry "ESP"]
[SourceTitle "playchess.com"]
[Source "ChessBase"]
[SourceQuality "1"]

{[%evp 20,62,17,0,7,0,11,12,16,15,24,27,21,4,4,3,3,3,3,0,4,4,4,4,13,5,17,0,0,0,0,0,0,-3,0,-20,-4,-8,-2,-8,0,0,0,0,0]} 1. d4 Nf6 2. c4 g6 3. g3 c6 4. Bg2 d5 5. Nf3 Bg7 6. cxd5 cxd5 7. Ne5 O-O 8. Nc3 b6 9. O-O Bb7 10. Bf4 Nc6 11. Rc1 Rc8 {D79: Fianchetto Grünfeld: Symmetrical Variation (6 0-0 c6 7 cxd5 cxd5)} 12. Nxc6 (12. Qd2 e6 13. Rc2 Nxe5 14. Bxe5 Ne8 15. Bxg7 Kxg7 16. Rfc1 Nd6 17. b3 Qf6 18. e3 Ba6 19. a4 {½-½ (47) Wojtaszek,R (2727)-Carlsen,M (2839) Porto Carras 2018}) 12... Bxc6 13. Qd3 Qd7 14. Rc2 $146 ({Predecessor:} 14. Be5 Rfd8 15. Rc2 Ne4 16. Bxg7 Nxc3 17. Bh6 Ne4 18. Rfc1 {½-½ (60) Lomako,P (2333)-Poleshchuk,D (2176) Minsk 2017}) 14... Ne4 15. Rfc1 Nxc3 16. Rxc3 {The position is equal.} Bb5 17. Qd2 Rxc3 18. Rxc3 Rc8 19. Bf3 e6 20. Qc1 Rxc3 21. Qxc3 Kf8 22. h4 Ke8 (22... Bf6 {seems wilder.} 23. b3 h5 24. Kg2 Kg8 25. Bg5 Bg7) 23. g4 (23. b3 {looks sharper.} h5 24. a4 Ba6 25. e3 Bf6 26. Kg2) 23... Qc6 24. Qxc6+ Bxc6 $11 {[%mdl 4096] Endgame KBB-KBB} 25. e3 Bb5 26. Bd6 Kd7 27. Bb4 a5 28. Bc3 h6 29. Kg2 g5 30. hxg5 hxg5 31. Bd1 Bf8 {Accuracy: White = 63%, Black = 48%.} 1/2-1/2

[Event "ESP-chT Primera Division 2019"]
[Site "Linares"]
[Date "2019.08.26"]
[Round "1.8"]
[White "Salgado Lopez, Ivan"]
[Black "Alsina Leal, Daniel"]
[Result "1/2-1/2"]
[WhiteElo "2596"]
[BlackElo "2477"]
[Annotator "ChessBase"]
[PlyCount "73"]
[EventDate "2019.08.26"]
[EventType "team-tourn"]
[EventCountry "ESP"]
[SourceTitle "playchess.com"]
[Source "ChessBase"]
[SourceQuality "1"]
[TimeControl "5400+30"]

1. c4 {[%emt 0:00:00]} e5 {[%emt 0:00:00]} 2. Nc3 {[%emt 0:00:00]} Nf6 {[%emt 0:00:00]} 3. Nf3 {[%emt 0:00:31]} Nc6 {[%emt 0:00:00]} 4. Qc2 {[%emt 0:00:05]} g6 {[%emt 0:12:08]} 5. g3 {[%emt 0:04:30]} Bg7 {[%emt 0:00:18]} 6. Bg2 {[%emt 0:00:07]} O-O {[%emt 0:00:50]} 7. O-O {[%emt 0:00:10]} d5 {[%emt 0:08:20]} 8. cxd5 {[%emt 0:02:33]} Nxd5 {[%emt 0:00:08]} 9. Nxd5 {[%emt 0:01:57]} Qxd5 {[%emt 0:00:07]} 10. d3 {[%emt 0:00:17]} Qd6 {[%emt 0:06:09]} 11. Be3 {[%emt 0:02:25]} Nd4 {[%emt 0:04:24]} 12. Nxd4 {[%emt 0:12:20]} exd4 {[%emt 0:00:10]} 13. Bf4 {[%emt 0:00:39]} Be5 {[%emt 0:00:33]} 14. Bxe5 {[%emt 0:01:26]} Qxe5 {[%emt 0:00:06]} 15. Rfe1 {[%emt 0:00:09]} c6 {[%emt 0:01:57]} 16. Qb3 {[%emt 0:02:50]} Qe7 {[%emt 0:10:09]} 17. a3 {[%emt 0:10:41]} Be6 {[%emt 0:02:27]} 18. Qc2 {[%emt 0:00:19]} a5 {[%emt 0:06:55]} 19. Rac1 {[%emt 0:01:57]} a4 {[%emt 0:08:17]} 20. e3 {[%emt 0:00:21]} Rfd8 {[%emt 0:03:09]} 21. e4 {[%emt 0:00:26]} Bb3 {[%emt 0:00:25]} 22. Qc5 {[%emt 0:03:32]} Qxc5 {[%emt 0:02:27]} 23. Rxc5 {[%emt 0:00:24]} Ra6 {[%emt 0:01:31]} 24. f4 {[%emt 0:00:30]} Rb6 {[%emt 0:01:48]} 25. Bf3 {[%emt 0:01:21]} f6 {[%emt 0:06:38]} 26. Kf2 {[%emt 0:02:52]} Kf8 {[%emt 0:06:08]} 27. Re2 {[%emt 0:00:46]} Rb5 {[%emt 0:04:32]} 28. Rxb5 {[%emt 0:02:26]} cxb5 {[%emt 0:00:04]} 29. e5 {[%emt 0:00:13]} f5 {[%emt 0:03:06]} 30. Bxb7 {[%emt 0:03:58]} Rb8 {[%emt 0:00:58]} 31. Bc6 {[%emt 0:02:15]} Rb6 {[%emt 0:00:17]} 32. Bf3 {[%emt 0:01:02]} Rb8 {[%emt 0:01:40]} 33. g4 {[%emt 0:04:52]} Rc8 {[%emt 0:00:11]} 34. gxf5 {[%emt 0:16:06]} gxf5 {[%emt 0:00:04]} 35. e6 {[%emt 0:00:08]} Ke7 {[%emt 0:00:33]} 36. Re5 {[%emt 0:00:06]} Rc2+ {[%emt 0:00:48]} 37. Re2 {[%emt 0:00:22]} 1/2-1/2

[Event "ESP-chT Primera Division 2019"]
[Site "Linares"]
[Date "2019.08.26"]
[Round "1.9"]
[White "Alonso Moyano, Jonathan"]
[Black "Martins, David Pires Tavares"]
[Result "1-0"]
[WhiteElo "2358"]
[BlackElo "2427"]
[Annotator "TA"]
[PlyCount "77"]
[EventDate "2019.08.26"]
[EventType "team-tourn"]
[EventCountry "ESP"]
[SourceTitle "playchess.com"]
[Source "ChessBase"]
[SourceQuality "1"]

{[%evp 9,77,6,10,6,28,21,19,18,45,10,14,17,19,22,9,31,21,0,0,0,0,17,31,31,34,29,33,-23,-20,-42,0,-41,-34,-71,-72,-70,-57,-60,-69,-60,-66,-103,-14,-75,0,0,110,109,172,146,152,154,143,147,147,150,156,156,260,249,256,247,279,273,274,268,291,287,279,270]} 1. e4 d6 2. d4 Nf6 3. Bd3 e5 4. dxe5 dxe5 5. Nf3 Nbd7 (5... Bc5 {seems wilder.}) 6. O-O {B07: Pirc Defence: Miscellaneous Systems} c6 (6... Be7 7. Nbd2 c6 8. c3 O-O 9. Bc2 Qc7 10. Qe2 a5 11. Rd1 a4 12. Nf1 Nc5 13. Ng3 {½-½ (85) Bogdanovich,S (2590)-Dominguez Perez,L (2732) Berlin 2015}) 7. a4 $146 ({Predecessor:} 7. b3 Qc7 8. Bb2 Bc5 9. Nbd2 O-O 10. Nc4 Re8 11. Qd2 b5 {1-0 (32) Mammadova,N (2240)-Mamedjarova,Z (2322) Nakhchivan 2017}) 7... a5 8. Nbd2 {The position is equal.} Qc7 9. b3 Bc5 10. Bb2 O-O 11. Nc4 {[%cal Rc4e5]} Re8 12. Ra2 b5 13. axb5 cxb5 14. Na3 Bxa3 15. Bxa3 b4 {[#]} 16. Bxb4 $1 {[%mdl 576] Pin} Bb7 (16... axb4 17. Rxa8) 17. Bd2 Nxe4 18. Qa1 (18. Bxa5 $14 Rxa5 19. Rxa5 Qxa5 20. Bxe4 Bxe4 21. Qxd7) 18... Nxd2 $11 19. Nxd2 Nc5 20. Nc4 {[%cal Ra2a5]} a4 21. bxa4 Nxd3 {[%mdl 64] Discovered Attack} 22. cxd3 e4 23. Ne3 exd3 24. a5 Ra6 25. Rb1 Rd8 (25... Rh6 $17 26. Nf1 Rg6 $1 {[%mdl 512]}) 26. Qb2 (26. h3 $11) 26... d2 ({Black should play} 26... Rh6 $17 27. Nf1 d2 $1 {[%mdl 512]}) 27. Rd1 Rc6 {[#]} (27... Rad6 $11) 28. Qb4 $1 $16 Rh6 (28... Ba6 $16 {is a better defense.} 29. Raxd2 Rxd2 30. Qxd2 h6 31. Qd8+ Qxd8 32. Rxd8+ Kh7) 29. h3 Rhd6 {With the idea ...Ba6.} 30. Raxd2 Rxd2 31. Rxd2 $40 {[%mdl 128] Black is in trouble.} Qc1+ 32. Nf1 {[%cal Rd2d8]} Rxd2 33. Qxd2 Qxd2 (33... Qc7 $16 34. Qe2 Qc6) 34. Nxd2 {KB-KN} Kf8 35. f3 Ke7 36. Kf2 {White has a decisive advantage.} Kd6 37. Ke3 Kd5 38. h4 Bc8 39. g4 {Accuracy: White = 49%, Black = 54%.} 1-0